[Event "DVM U16w 2023"]
[Site "Magdeburg GER"]
[Date "2023.12.27"]
[Round "2"]
[White "Czäczine, Paula"]
[Black "Halas, Neele Zoe"]
[Result "1-0"]
[Termination "normal"]
[Board "1.2"]
[WhiteElo "1581"]
[BlackElo "1391"]
[WhiteClock "00:03:39"]
[BlackClock "00:05:20"]
[WhiteTeam "Chemnitzer SC Aufbau95"]
[BlackTeam "SG Leipzig"]
[PlyCount "59"]
[WhiteFideId "16249305"]
[BlackFideId "16287282"]
[EventCountry "GER"]
[EventRounds "7"]
[EventType "team-swiss"]
[EventDate "2023.12.26"]

1. e4 {[%clk 01:30:57]} {[%emt 00:00:03]} e5 {[%clk 01:30:53]} {[%emt
00:00:07]} 2. Nf3 {[%clk 01:31:23]} {[%emt 00:00:04]} Nc6 {[%clk 01:31:18]}
{[%emt 00:00:06]} 3. d4 {[%clk 01:31:48]} {[%emt 00:00:04]} exd4 {[%clk
01:31:41]} {[%emt 00:00:07]} 4. Nxd4 {[%clk 01:32:13]} {[%emt 00:00:05]} Bc5
{[%clk 01:32:03]} {[%emt 00:00:08]} 5. Be3 {[%clk 01:32:37]} {[%emt 00:00:06]}
Qf6 {[%clk 01:32:27]} {[%emt 00:00:05]} 6. c3 {[%clk 01:32:59]} {[%emt
00:00:09]} Nge7 {[%clk 01:32:45]} {[%emt 00:00:12]} 7. Bc4 {[%clk 01:33:19]}
{[%emt 00:00:10]} O-O {[%clk 01:33:05]} {[%emt 00:00:10]} 8. O-O {[%clk
01:33:21]} {[%emt 00:00:27]} b6 {[%clk 01:32:13]} {[%emt 00:01:23]} 9. a3
{[%clk 01:13:36]} {[%emt 00:20:14]} Bb7 {[%clk 01:13:57]} {[%emt 00:18:47]} 10.
b4 {[%clk 01:06:56]} {[%emt 00:07:10]} Ne5 {[%clk 00:50:14]} {[%emt 00:24:13]}
11. Be2 {[%clk 01:01:14]} {[%emt 00:06:10]} Bxd4 {[%clk 00:49:01]} {[%emt
00:01:44]} 12. cxd4 {[%clk 01:00:59]} {[%emt 00:00:45]} N5g6 {[%clk 00:46:46]}
{[%emt 00:02:45]} 13. Nd2 {[%clk 00:48:08]} {[%emt 00:13:21]} Nf4 {[%clk
00:34:53]} {[%emt 00:12:23]} 14. Bf3 {[%clk 00:44:00]} {[%emt 00:04:38]} Qh6
{[%clk 00:15:54]} {[%emt 00:19:29]} 15. g3 {[%clk 00:33:05]} {[%emt 00:11:25]}
Nh3+ {[%clk 00:16:02]} {[%emt 00:00:22]} 16. Kg2 {[%clk 00:33:03]} {[%emt
00:00:32]} Qe6 {[%clk 00:13:59]} {[%emt 00:02:33]} 17. d5 {[%clk 00:28:21]}
{[%emt 00:05:13]} Qe5 {[%clk 00:10:15]} {[%emt 00:04:13]} 18. Kxh3 {[%clk
00:27:07]} {[%emt 00:01:45]} f5 {[%clk 00:10:02]} {[%emt 00:00:43]} 19. Bf4
{[%clk 00:24:01]} {[%emt 00:03:35]} Qf6 {[%clk 00:09:20]} {[%emt 00:01:12]} 20.
e5 {[%clk 00:18:56]} {[%emt 00:05:16]} Qf7 {[%clk 00:09:08]} {[%emt 00:00:43]}
21. e6 {[%clk 00:11:05]} {[%emt 00:08:20]} Qe8 {[%clk 00:08:55]} {[%emt
00:00:41]} 22. Nc4 {[%clk 00:09:31]} {[%emt 00:02:06]} d6 {[%clk 00:07:13]}
{[%emt 00:02:12]} 23. Rc1 {[%clk 00:08:43]} {[%emt 00:01:18]} Ng6 {[%clk
00:06:52]} {[%emt 00:00:52]} 24. Qd2 {[%clk 00:07:35]} {[%emt 00:01:38]} Ba6
{[%clk 00:06:20]} {[%emt 00:01:02]} 25. Rfe1 {[%clk 00:06:56]} {[%emt
00:01:09]} h6 {[%clk 00:05:50]} {[%emt 00:01:01]} 26. Kg2 {[%clk 00:05:20]}
{[%emt 00:02:05]} Ne7 {[%clk 00:05:49]} {[%emt 00:00:31]} 27. h4 {[%clk
00:04:53]} {[%emt 00:00:56]} Qg6 {[%clk 00:05:24]} {[%emt 00:00:54]} 28. h5
{[%clk 00:04:30]} {[%emt 00:00:54]} Qh7 {[%clk 00:05:31]} {[%emt 00:00:24]} 29.
a4 {[%clk 00:04:10]} {[%emt 00:00:51]} g6 {[%clk 00:05:20]} {[%emt 00:00:40]}
30. Bxh6 {[%clk 00:03:39]} {[%emt 00:01:00]} 1-0

[Event "DVM U16w 2023"]
[Site "Magdeburg GER"]
[Date "2023.12.27"]
[Round "2"]
[White "Ottlik, Marie"]
[Black "Czäczine, Laura"]
[Result "0-1"]
[Termination "normal"]
[Board "1.3"]
[WhiteElo "1452"]
[BlackElo "1474"]
[WhiteClock "00:08:01"]
[BlackClock "00:12:07"]
[WhiteTeam "SG Leipzig"]
[BlackTeam "Chemnitzer SC Aufbau95"]
[PlyCount "58"]
[WhiteFideId "16281730"]
[BlackFideId "16211448"]
[EventCountry "GER"]
[EventRounds "7"]
[EventType "team-swiss"]
[EventDate "2023.12.26"]

1. e4 {[%clk 01:30:55]} {[%emt 00:00:05]} e5 {[%clk 01:30:57]} {[%emt
00:00:04]} 2. Nf3 {[%clk 01:31:18]} {[%emt 00:00:07]} Nc6 {[%clk 01:31:22]}
{[%emt 00:00:05]} 3. Bc4 {[%clk 01:31:37]} {[%emt 00:00:11]} Nf6 {[%clk
01:31:45]} {[%emt 00:00:06]} 4. d3 {[%clk 01:32:01]} {[%emt 00:00:06]} h6
{[%emt 00:01:49]} 5. O-O {[%clk 01:31:02]} {[%emt 00:00:01]} g5 {[%clk
01:28:24]} {[%emt 00:04:00]} 6. Nc3 {[%clk 01:24:07]} {[%emt 00:07:25]} g4
{[%clk 01:25:43]} {[%emt 00:03:11]} 7. Nh4 {[%clk 01:22:19]} {[%emt 00:02:18]}
Nxe4 {[%clk 01:21:43]} {[%emt 00:04:30]} 8. Bxf7+ {[%clk 01:04:33]} {[%emt
00:18:16]} Kxf7 {[%clk 01:18:46]} {[%emt 00:03:27]} 9. Qxg4 {[%clk 01:04:24]}
{[%emt 00:00:39]} Ng5 {[%clk 01:12:27]} {[%emt 00:06:49]} 10. Qh5+ {[%clk
00:54:55]} {[%emt 00:09:59]} Kg8 {[%clk 01:09:01]} {[%emt 00:03:56]} 11. Nf5
{[%clk 00:50:43]} {[%emt 00:04:42]} Qf6 {[%clk 01:03:20]} {[%emt 00:06:10]} 12.
Nh4 {[%clk 00:38:57]} {[%emt 00:12:18]} Ne7 {[%clk 00:57:49]} {[%emt 00:06:00]}
13. f4 {[%clk 00:36:17]} {[%emt 00:03:10]} exf4 {[%clk 00:40:26]} {[%emt
00:17:53]} 14. Bxf4 {[%clk 00:33:33]} {[%emt 00:03:14]} Qg7 {[%clk 00:36:42]}
{[%emt 00:04:14]} 15. Kh1 {[%clk 00:31:01]} {[%emt 00:03:02]} d6 {[%clk
00:34:43]} {[%emt 00:02:29]} 16. Be3 {[%clk 00:25:30]} {[%emt 00:06:00]} Be6
{[%clk 00:26:57]} {[%emt 00:08:16]} 17. Rf2 {[%clk 00:18:49]} {[%emt 00:07:11]}
Nd5 {[%clk 00:22:43]} {[%emt 00:04:44]} 18. Bd2 {[%clk 00:15:28]} {[%emt
00:03:51]} Nf6 {[%clk 00:20:22]} {[%emt 00:02:52]} 19. Qg6 {[%clk 00:13:44]}
{[%emt 00:02:14]} Ng4 {[%clk 00:17:08]} {[%emt 00:03:44]} 20. Qxg7+ {[%clk
00:10:25]} {[%emt 00:03:30]} Bxg7 {[%clk 00:17:20]} {[%emt 00:00:17]} 21. Rff1
{[%clk 00:09:59]} {[%emt 00:00:57]} Bd4 {[%clk 00:15:52]} {[%emt 00:01:53]} 22.
Rf4 {[%clk 00:09:12]} {[%emt 00:01:22]} Nf2+ {[%clk 00:15:45]} {[%emt
00:00:37]} 23. Kg1 {[%clk 00:08:49]} {[%emt 00:00:53]} Nfh3+ {[%clk 00:15:08]}
{[%emt 00:01:06]} 24. Kh1 {[%clk 00:08:58]} {[%emt 00:00:21]} Nxf4 {[%clk
00:14:43]} {[%emt 00:00:56]} 25. Bxf4 {[%clk 00:08:55]} {[%emt 00:00:33]} Kh7
{[%clk 00:14:24]} {[%emt 00:00:48]} 26. Re1 {[%clk 00:07:34]} {[%emt 00:01:51]}
Bf2 {[%clk 00:12:36]} {[%emt 00:02:19]} 27. Re2 {[%clk 00:07:13]} {[%emt
00:00:51]} Bxh4 {[%clk 00:12:29]} {[%emt 00:00:37]} 28. Bxg5 {[%clk 00:07:36]}
{[%emt 00:00:07]} Bxg5 {[%clk 00:12:49]} {[%emt 00:00:09]} 29. Rxe6 {[%clk
00:08:01]} {[%emt 00:00:05]} Rae8 {[%clk 00:12:07]} {[%emt 00:01:09]} 0-1

[Event "DVM U16w 2023"]
[Site "Magdeburg GER"]
[Date "2023.12.27"]
[Round "2"]
[White "Brewig, Bea Josephine"]
[Black "Amelang, Jamie Alice"]
[Result "0-1"]
[Termination "normal"]
[Board "1.4"]
[WhiteElo "1256"]
[BlackElo "1322"]
[WhiteClock "00:01:53"]
[BlackClock "00:22:25"]
[WhiteTeam "Chemnitzer SC Aufbau95"]
[BlackTeam "SG Leipzig"]
[PlyCount "88"]
[WhiteFideId "16249313"]
[BlackFideId "34605754"]
[EventCountry "GER"]
[EventRounds "7"]
[EventType "team-swiss"]
[EventDate "2023.12.26"]

1. e4 {[%clk 01:30:54]} {[%emt 00:00:06]} e5 {[%clk 01:30:56]} {[%emt
00:00:04]} 2. Nf3 {[%clk 01:31:19]} {[%emt 00:00:06]} Nc6 {[%clk 01:31:19]}
{[%emt 00:00:06]} 3. d4 {[%clk 01:31:46]} {[%emt 00:00:04]} exd4 {[%clk
01:31:36]} {[%emt 00:00:13]} 4. c3 {[%clk 01:32:10]} {[%emt 00:00:06]} d5
{[%clk 01:31:59]} {[%emt 00:00:07]} 5. exd5 {[%clk 01:32:33]} {[%emt 00:00:07]}
Qxd5 {[%clk 01:32:20]} {[%emt 00:00:08]} 6. cxd4 {[%clk 01:32:50]} {[%emt
00:00:13]} Bb4+ {[%clk 01:32:35]} {[%emt 00:00:15]} 7. Nc3 {[%clk 01:26:04]}
{[%emt 00:07:17]} Bg4 {[%clk 01:30:49]} {[%emt 00:02:15]} 8. Be2 {[%clk
01:23:56]} {[%emt 00:02:38]} Bxf3 {[%clk 01:30:56]} {[%emt 00:00:24]} 9. Bxf3
{[%clk 01:24:15]} {[%emt 00:00:11]} Qc4 {[%clk 01:31:15]} {[%emt 00:00:07]} 10.
Bxc6+ {[%clk 01:22:27]} {[%emt 00:02:22]} Qxc6 {[%clk 01:30:11]} {[%emt
00:01:34]} 11. d5 {[%clk 01:16:54]} {[%emt 00:06:02]} Bxc3+ {[%clk 01:15:54]}
{[%emt 00:14:47]} 12. bxc3 {[%clk 01:17:05]} {[%emt 00:00:19]} Qxc3+ {[%clk
01:15:29]} {[%emt 00:00:55]} 13. Bd2 {[%clk 01:16:33]} {[%emt 00:01:03]} Qe5+
{[%clk 01:14:39]} {[%emt 00:01:20]} 14. Be3 {[%clk 01:15:32]} {[%emt 00:01:31]}
Nf6 {[%clk 01:11:27]} {[%emt 00:03:42]} 15. O-O {[%clk 01:03:35]} {[%emt
00:12:27]} O-O {[%clk 01:10:16]} {[%emt 00:01:39]} 16. Re1 {[%clk 00:45:58]}
{[%emt 00:18:08]} Qxd5 {[%clk 01:02:52]} {[%emt 00:07:54]} 17. Bf4 {[%clk
00:41:35]} {[%emt 00:04:53]} c6 {[%clk 00:52:19]} {[%emt 00:11:03]} 18. Qc2
{[%clk 00:32:37]} {[%emt 00:09:28]} Rfe8 {[%clk 00:45:25]} {[%emt 00:07:24]}
19. h3 {[%clk 00:26:55]} {[%emt 00:06:13]} Re4 {[%clk 00:36:14]} {[%emt
00:09:38]} 20. Bg3 {[%clk 00:18:55]} {[%emt 00:08:32]} Rae8 {[%clk 00:32:58]}
{[%emt 00:03:44]} 21. Rxe4 {[%clk 00:15:08]} {[%emt 00:04:20]} Qxe4 {[%clk
00:28:53]} {[%emt 00:04:34]} 22. Qxe4 {[%clk 00:12:59]} {[%emt 00:02:39]} Rxe4
{[%clk 00:29:02]} {[%emt 00:00:21]} 23. Rd1 {[%clk 00:12:47]} {[%emt 00:00:43]}
h6 {[%clk 00:29:16]} {[%emt 00:00:16]} 24. f3 {[%clk 00:11:30]} {[%emt
00:01:46]} Re2 {[%clk 00:29:07]} {[%emt 00:00:38]} 25. a3 {[%clk 00:11:49]}
{[%emt 00:00:12]} Nd5 {[%clk 00:22:56]} {[%emt 00:06:21]} 26. Kf1 {[%clk
00:10:52]} {[%emt 00:01:27]} Rxg2 {[%clk 00:22:28]} {[%emt 00:00:58]} 27. Rxd5
{[%clk 00:09:38]} {[%emt 00:01:44]} Rxg3 {[%clk 00:22:45]} {[%emt 00:00:13]}
28. Kf2 {[%clk 00:09:25]} {[%emt 00:00:44]} Rxh3 {[%clk 00:22:55]} {[%emt
00:00:19]} 29. Rd8+ {[%clk 00:09:43]} {[%emt 00:00:13]} Kh7 {[%clk 00:23:16]}
{[%emt 00:00:09]} 30. Rd7 {[%clk 00:10:05]} {[%emt 00:00:07]} Rh2+ {[%clk
00:23:24]} {[%emt 00:00:22]} 31. Kg3 {[%clk 00:10:24]} {[%emt 00:00:10]} Rb2
{[%clk 00:23:45]} {[%emt 00:00:10]} 32. Rxf7 {[%clk 00:10:36]} {[%emt
00:00:19]} Kg6 {[%clk 00:24:07]} {[%emt 00:00:08]} 33. Rf4 {[%clk 00:09:54]}
{[%emt 00:01:11]} h5 {[%clk 00:23:47]} {[%emt 00:00:50]} 34. Ra4 {[%clk
00:07:44]} {[%emt 00:02:40]} a6 {[%clk 00:23:42]} {[%emt 00:00:35]} 35. Kh4
{[%clk 00:05:44]} {[%emt 00:02:30]} Rb5 {[%clk 00:22:54]} {[%emt 00:01:12]} 36.
Rd4 {[%clk 00:05:17]} {[%emt 00:01:03]} Rd5 {[%clk 00:22:57]} {[%emt 00:00:25]}
37. Rb4 {[%clk 00:04:11]} {[%emt 00:01:38]} b5 {[%clk 00:22:47]} {[%emt
00:00:40]} 38. Re4 {[%clk 00:03:51]} {[%emt 00:00:51]} Kf6 {[%clk 00:22:45]}
{[%emt 00:00:30]} 39. Kg3 {[%clk 00:03:01]} {[%emt 00:01:20]} c5 {[%clk
00:21:20]} {[%emt 00:01:56]} 40. Re8 {[%clk 00:02:26]} {[%emt 00:01:05]} b4
{[%clk 00:21:23]} {[%emt 00:00:28]} 41. axb4 {[%clk 00:02:39]} {[%emt
00:00:17]} cxb4 {[%clk 00:21:33]} {[%emt 00:00:20]} 42. Rb8 {[%clk 00:03:00]}
{[%emt 00:00:08]} Rb5 {[%clk 00:21:51]} {[%emt 00:00:10]} 43. Rd8 {[%clk
00:01:35]} {[%emt 00:01:56]} b3 {[%clk 00:22:09]} {[%emt 00:00:13]} 44. Rd1
{[%clk 00:01:53]} {[%emt 00:00:12]} a5 {[%clk 00:22:25]} {[%emt 00:00:14]} *

[Event "DVM U16w 2023"]
[Site "Magdeburg GER"]
[Date "2023.12.27"]
[Round "2"]
[White "Reich, Elisabeth"]
[Black "Trunz, Tamila"]
[Result "0-1"]
[Termination "normal"]
[Board "2.1"]
[WhiteElo "1573"]
[BlackElo "1766"]
[WhiteClock "00:02:25"]
[BlackClock "00:16:16"]
[WhiteTeam "ATSV Oberkotzau"]
[BlackTeam "SG Porz"]
[PlyCount "71"]
[WhiteFideId "16239776"]
[BlackFideId "16267885"]
[EventCountry "GER"]
[EventRounds "7"]
[EventType "team-swiss"]
[EventDate "2023.12.26"]

1. e4 {[%clk 01:30:58]} {[%emt 00:00:02]} c5 {[%clk 01:30:59]} 2. Nf3 {[%clk
01:31:21]} {[%emt 00:00:07]} e6 {[%clk 01:31:25]} {[%emt 00:00:04]} 3. b3
{[%clk 01:31:46]} {[%emt 00:00:05]} Nc6 {[%clk 01:30:57]} {[%emt 00:00:58]} 4.
Bb5 {[%clk 01:32:02]} {[%emt 00:00:13]} Qc7 {[%clk 01:28:05]} {[%emt 00:03:22]}
5. Bxc6 {[%clk 01:31:27]} {[%emt 00:01:05]} Qxc6 {[%clk 01:27:16]} {[%emt
00:01:19]} 6. d3 {[%clk 01:30:15]} {[%emt 00:01:43]} d5 {[%clk 01:21:50]}
{[%emt 00:05:56]} 7. e5 {[%clk 01:30:23]} {[%emt 00:00:22]} Ne7 {[%clk
01:19:05]} {[%emt 00:03:15]} 8. O-O {[%clk 01:30:30]} {[%emt 00:00:23]} Nf5
{[%clk 01:16:12]} {[%emt 00:03:22]} 9. Bb2 {[%clk 01:29:33]} {[%emt 00:01:27]}
b6 {[%clk 01:15:01]} {[%emt 00:01:41]} 10. Nbd2 {[%clk 01:29:34]} {[%emt
00:00:29]} Be7 {[%clk 01:11:36]} {[%emt 00:03:56]} 11. Re1 {[%clk 01:28:43]}
{[%emt 00:01:19]} g5 {[%clk 01:07:26]} {[%emt 00:04:41]} 12. h3 {[%clk
01:25:57]} {[%emt 00:03:17]} h5 {[%clk 01:04:48]} {[%emt 00:03:09]} 13. Nh2
{[%clk 01:24:06]} {[%emt 00:02:20]} Bb7 {[%clk 01:04:35]} {[%emt 00:00:42]} 14.
Qe2 {[%clk 01:20:42]} {[%emt 00:03:51]} O-O-O {[%clk 01:02:24]} {[%emt
00:02:44]} 15. c3 {[%clk 01:14:45]} {[%emt 00:06:28]} Rh7 {[%clk 00:58:52]}
{[%emt 00:04:02]} 16. d4 {[%clk 01:13:10]} {[%emt 00:02:04]} Rdh8 {[%clk
00:54:52]} {[%emt 00:04:30]} 17. g3 {[%clk 01:03:16]} {[%emt 00:10:25]} g4
{[%clk 00:53:44]} {[%emt 00:01:38]} 18. hxg4 {[%clk 01:01:45]} {[%emt
00:02:00]} hxg4 {[%clk 00:53:38]} {[%emt 00:00:37]} 19. Nxg4 {[%clk 01:00:38]}
{[%emt 00:01:37]} Qe8 {[%clk 00:51:20]} {[%emt 00:02:47]} 20. Kg2 {[%clk
00:56:48]} {[%emt 00:04:19]} Qg8 {[%clk 00:46:12]} {[%emt 00:05:40]} 21. Rh1
{[%clk 00:53:33]} {[%emt 00:03:43]} Qg6 {[%clk 00:46:11]} {[%emt 00:00:34]} 22.
Rh2 {[%clk 00:47:03]} {[%emt 00:06:57]} Rxh2+ {[%clk 00:44:28]} {[%emt
00:02:15]} 23. Nxh2 {[%clk 00:47:31]} {[%emt 00:00:03]} Qh6 {[%clk 00:43:35]}
{[%emt 00:01:22]} 24. Ndf1 {[%clk 00:41:01]} {[%emt 00:06:59]} Qh3+ {[%clk
00:43:13]} {[%emt 00:00:51]} 25. Kh1 {[%clk 00:39:13]} {[%emt 00:02:15]} Rg8
{[%clk 00:38:34]} {[%emt 00:05:13]} 26. a3 {[%clk 00:32:34]} {[%emt 00:07:10]}
Bf8 {[%clk 00:35:06]} {[%emt 00:03:57]} 27. b4 {[%clk 00:31:39]} {[%emt
00:01:26]} cxd4 {[%clk 00:27:54]} {[%emt 00:07:42]} 28. cxd4 {[%clk 00:31:52]}
{[%emt 00:00:15]} Bh6 {[%clk 00:27:41]} {[%emt 00:00:45]} 29. Rd1 {[%clk
00:21:08]} {[%emt 00:11:11]} Nh4 {[%clk 00:24:30]} {[%emt 00:03:43]} 30. f3
{[%clk 00:18:41]} {[%emt 00:02:58]} Nf5 {[%clk 00:23:48]} {[%emt 00:01:12]} 31.
g4 {[%clk 00:15:46]} {[%emt 00:03:05]} Nh4 {[%clk 00:22:08]} {[%emt 00:02:10]}
32. Bc1 {[%clk 00:15:27]} {[%emt 00:00:48]} Rh8 {[%clk 00:17:40]} {[%emt
00:05:00]} 33. Bxh6 {[%clk 00:15:41]} {[%emt 00:00:16]} Rxh6 {[%clk 00:18:04]}
{[%emt 00:00:06]} 34. Rc1+ {[%clk 00:13:58]} {[%emt 00:02:12]} Kb8 {[%clk
00:17:02]} {[%emt 00:01:32]} 35. Rc3 {[%clk 00:13:00]} {[%emt 00:01:26]} Ba6
{[%clk 00:16:16]} {[%emt 00:01:19]} 36. Qf2 {[%clk 00:02:25]} {[%emt 00:10:54]}
*

[Event "DVM U16w 2023"]
[Site "Magdeburg GER"]
[Date "2023.12.27"]
[Round "2"]
[White "Neumann, Helena"]
[Black "Hergenröder, Cora"]
[Result "1/2-1/2"]
[Termination "normal"]
[Board "2.2"]
[WhiteElo "1584"]
[BlackElo "1500"]
[WhiteClock "00:29:58"]
[BlackClock "00:06:46"]
[WhiteTeam "SG Porz"]
[BlackTeam "ATSV Oberkotzau"]
[PlyCount "111"]
[WhiteFideId "16275365"]
[BlackFideId "34603700"]
[EventCountry "GER"]
[EventRounds "7"]
[EventType "team-swiss"]
[EventDate "2023.12.26"]

1. e4 {[%clk 01:31:00]} c6 {[%clk 01:30:53]} {[%emt 00:00:08]} 2. d4 {[%clk
01:31:23]} {[%emt 00:00:06]} d5 {[%clk 01:31:17]} {[%emt 00:00:05]} 3. exd5
{[%clk 01:31:51]} {[%emt 00:00:02]} cxd5 {[%clk 01:31:38]} {[%emt 00:00:10]} 4.
Bd3 {[%clk 01:32:19]} {[%emt 00:00:02]} Nc6 {[%clk 01:31:57]} {[%emt 00:00:12]}
5. c3 {[%clk 01:32:45]} {[%emt 00:00:03]} Qc7 {[%clk 01:32:14]} {[%emt
00:00:13]} 6. Ne2 {[%clk 01:32:35]} {[%emt 00:00:40]} g6 {[%clk 01:30:05]}
{[%emt 00:02:38]} 7. Bf4 {[%clk 01:32:31]} {[%emt 00:00:34]} Qd8 {[%clk
01:29:12]} {[%emt 00:01:24]} 8. Qc2 {[%clk 01:32:01]} {[%emt 00:01:00]} Nf6
{[%clk 01:26:48]} {[%emt 00:02:54]} 9. h3 {[%clk 01:32:03]} {[%emt 00:00:27]}
Bg7 {[%clk 01:25:33]} {[%emt 00:01:45]} 10. Nd2 {[%clk 01:32:22]} {[%emt
00:00:12]} O-O {[%clk 01:25:05]} {[%emt 00:00:57]} 11. Nf3 {[%clk 01:31:24]}
{[%emt 00:01:28]} e6 {[%clk 01:23:34]} {[%emt 00:02:02]} 12. O-O {[%clk
01:31:04]} {[%emt 00:00:49]} Qe7 {[%clk 01:20:43]} {[%emt 00:03:21]} 13. b4
{[%clk 01:26:57]} {[%emt 00:04:38]} Bd7 {[%clk 01:15:15]} {[%emt 00:05:58]} 14.
a4 {[%clk 01:23:59]} {[%emt 00:03:29]} Rfc8 {[%clk 01:14:04]} {[%emt 00:01:40]}
15. Qb2 {[%clk 01:21:45]} {[%emt 00:02:44]} Be8 {[%clk 01:08:51]} {[%emt
00:05:43]} 16. a5 {[%clk 01:17:28]} {[%emt 00:04:47]} Qd8 {[%clk 00:58:38]}
{[%emt 00:10:43]} 17. Ra2 {[%clk 01:10:36]} {[%emt 00:07:22]} Bf8 {[%clk
00:54:18]} {[%emt 00:04:50]} 18. Rfa1 {[%clk 01:03:14]} {[%emt 00:07:52]} Nh5
{[%clk 00:50:02]} {[%emt 00:04:45]} 19. Bh2 {[%clk 01:01:05]} {[%emt 00:02:39]}
Bd6 {[%clk 00:50:10]} {[%emt 00:00:22]} 20. b5 {[%clk 00:58:03]} {[%emt
00:03:33]} Bxh2+ {[%clk 00:49:55]} {[%emt 00:00:45]} 21. Nxh2 {[%clk 00:57:15]}
{[%emt 00:01:17]} Ne7 {[%clk 00:49:35]} {[%emt 00:00:50]} 22. Qb4 {[%clk
00:55:51]} {[%emt 00:01:54]} Ng7 {[%clk 00:43:58]} {[%emt 00:06:07]} 23. Nf3
{[%clk 00:51:52]} {[%emt 00:04:29]} Nef5 {[%clk 00:41:53]} {[%emt 00:02:35]}
24. Nd2 {[%clk 00:50:48]} {[%emt 00:01:35]} Qd6 {[%clk 00:41:13]} {[%emt
00:01:08]} 25. Rb2 {[%clk 00:47:22]} {[%emt 00:03:57]} Qxb4 {[%clk 00:40:29]}
{[%emt 00:01:14]} 26. Rxb4 {[%clk 00:47:46]} {[%emt 00:00:06]} Nd6 {[%clk
00:36:53]} {[%emt 00:04:06]} 27. g4 {[%clk 00:44:06]} {[%emt 00:04:10]} Rc7
{[%clk 00:31:50]} {[%emt 00:05:33]} 28. b6 {[%clk 00:42:01]} {[%emt 00:02:36]}
axb6 {[%clk 00:31:25]} {[%emt 00:00:55]} 29. Rxb6 {[%clk 00:42:23]} {[%emt
00:00:08]} Rc6 {[%clk 00:30:15]} {[%emt 00:01:39]} 30. Rb2 {[%clk 00:39:48]}
{[%emt 00:03:05]} b6 {[%clk 00:27:29]} {[%emt 00:03:17]} 31. a6 {[%clk
00:39:19]} {[%emt 00:00:59]} b5 {[%clk 00:27:41]} {[%emt 00:00:17]} 32. Rba2
{[%clk 00:39:09]} {[%emt 00:00:41]} Rb6 {[%clk 00:25:17]} {[%emt 00:02:53]} 33.
Nb3 {[%clk 00:35:26]} {[%emt 00:04:13]} b4 {[%clk 00:21:56]} {[%emt 00:03:51]}
34. cxb4 {[%emt 00:00:19]} Rxb4 {[%clk 00:22:18]} {[%emt 00:00:05]} 35. Nc5
{[%clk 00:36:01]} {[%emt 00:00:09]} Nb5 {[%clk 00:20:24]} {[%emt 00:02:24]} 36.
Rb1 {[%clk 00:35:57]} {[%emt 00:00:34]} Rxb1+ {[%clk 00:19:31]} {[%emt
00:01:23]} 37. Bxb1 {[%clk 00:36:23]} {[%emt 00:00:04]} Nc7 {[%clk 00:19:13]}
{[%emt 00:00:48]} 38. Bd3 {[%clk 00:35:45]} {[%emt 00:01:08]} Bb5 {[%clk
00:18:49]} {[%emt 00:00:54]} 39. Bxb5 {[%clk 00:36:03]} {[%emt 00:00:12]} Nxb5
{[%clk 00:19:14]} {[%emt 00:00:05]} 40. Rb2 {[%clk 00:36:23]} {[%emt 00:00:11]}
Nc7 {[%clk 00:18:58]} {[%emt 00:00:45]} 41. Rb6 {[%clk 00:36:48]} {[%emt
00:00:06]} Nge8 {[%clk 00:18:41]} {[%emt 00:00:47]} 42. Nc3 {[%clk 00:35:37]}
{[%emt 00:01:40]} Kf8 {[%clk 00:18:37]} {[%emt 00:00:34]} 43. Nb5 {[%clk
00:35:19]} {[%emt 00:00:48]} Ke7 {[%clk 00:17:52]} {[%emt 00:00:56]} 44. Nxc7
{[%clk 00:35:40]} {[%emt 00:00:09]} Nxc7 {[%clk 00:18:17]} {[%emt 00:00:06]}
45. Rb7 {[%clk 00:35:58]} {[%emt 00:00:11]} Kd6 {[%clk 00:17:48]} {[%emt
00:00:59]} 46. a7 {[%clk 00:36:19]} {[%emt 00:00:10]} Kc6 {[%clk 00:17:45]}
{[%emt 00:00:32]} 47. g5 {[%clk 00:35:56]} {[%emt 00:00:54]} Nb5 {[%clk
00:17:04]} {[%emt 00:01:10]} 48. Rxf7 {[%clk 00:35:55]} {[%emt 00:00:32]} Rxa7
{[%clk 00:16:35]} {[%emt 00:00:58]} 49. Rxa7 {[%clk 00:36:19]} {[%emt
00:00:06]} Nxa7 {[%clk 00:16:55]} {[%emt 00:00:11]} 50. Nxe6 {[%clk 00:36:45]}
{[%emt 00:00:04]} Nb5 {[%clk 00:16:33]} {[%emt 00:00:52]} 51. Nf8 {[%clk
00:36:22]} {[%emt 00:00:52]} Nxd4 {[%clk 00:15:43]} {[%emt 00:01:20]} 52. Nxh7
{[%clk 00:36:47]} {[%emt 00:00:05]} Kd6 {[%clk 00:14:08]} {[%emt 00:02:05]} 53.
Kg2 {[%clk 00:32:01]} {[%emt 00:05:16]} Ke5 {[%clk 00:12:56]} {[%emt 00:01:42]}
54. Nf6 {[%clk 00:30:40]} {[%emt 00:01:51]} Ne6 {[%clk 00:10:42]} {[%emt
00:02:44]} 55. h4 {[%clk 00:30:35]} {[%emt 00:00:34]} Nf4+ {[%clk 00:06:46]}
{[%emt 00:04:27]} 56. Kf3 {[%clk 00:29:58]} {[%emt 00:01:07]} *